<?xml version="1.0" encoding="UTF-8"?>
<record
    xmlns:xsi="http://www.w3.org/2001/XMLSchema-instance"
    xsi:schemaLocation="http://www.loc.gov/MARC21/slim http://www.loc.gov/standards/marcxml/schema/MARC21slim.xsd"
    xmlns="http://www.loc.gov/MARC21/slim">

  <leader>00640nam a2200217 a 4500</leader>
  <datafield tag="999" ind1=" " ind2=" ">
    <subfield code="c">3577</subfield>
    <subfield code="d">3577</subfield>
  </datafield>
  <controlfield tag="003">PK-NaQUE</controlfield>
  <controlfield tag="005">20250325120653.0</controlfield>
  <controlfield tag="008">241129b           ||||| |||| 00| 0 eng d</controlfield>
  <datafield tag="020" ind1=" " ind2=" ">
    <subfield code="a">813172025X (paperback)</subfield>
  </datafield>
  <datafield tag="020" ind1=" " ind2=" ">
    <subfield code="a">9788131720257 (paperback)</subfield>
  </datafield>
  <datafield tag="040" ind1=" " ind2=" ">
    <subfield code="c">QUEST</subfield>
  </datafield>
  <datafield tag="082" ind1=" " ind2=" ">
    <subfield code="a">005.74CON</subfield>
  </datafield>
  <datafield tag="100" ind1="1" ind2=" ">
    <subfield code="a">Connolly,Thomas</subfield>
  </datafield>
  <datafield tag="245" ind1="1" ind2="0">
    <subfield code="a">Database System: a practical approach to design, implementation and management</subfield>
  </datafield>
  <datafield tag="250" ind1=" " ind2=" ">
    <subfield code="a">4th ed.</subfield>
  </datafield>
  <datafield tag="260" ind1=" " ind2=" ">
    <subfield code="a">New Delhi</subfield>
    <subfield code="b">Pearson,</subfield>
    <subfield code="c">2012.</subfield>
  </datafield>
  <datafield tag="300" ind1=" " ind2=" ">
    <subfield code="a">XXXII,1374p</subfield>
  </datafield>
  <datafield tag="650" ind1=" " ind2=" ">
    <subfield code="a">Database Systems</subfield>
  </datafield>
  <datafield tag="856" ind1="4" ind2="0">
    <subfield code="u">http://10.10.170.122:8080/browse/book/25981</subfield>
    <subfield code="y">Download eBook</subfield>
  </datafield>
  <datafield tag="942" ind1=" " ind2=" ">
    <subfield code="c">BK</subfield>
    <subfield code="2">ddc</subfield>
  </datafield>
  <datafield tag="952" ind1=" " ind2=" ">
    <subfield code="0">0</subfield>
    <subfield code="1">0</subfield>
    <subfield code="4">0</subfield>
    <subfield code="7">0</subfield>
    <subfield code="a">SLIT</subfield>
    <subfield code="b">SLIT</subfield>
    <subfield code="d">2014-05-19</subfield>
    <subfield code="g">969.00</subfield>
    <subfield code="l">0</subfield>
    <subfield code="o">005.74CON</subfield>
    <subfield code="p">47581</subfield>
    <subfield code="r">2014-05-19 00:00:00</subfield>
    <subfield code="w">2014-05-19</subfield>
    <subfield code="y">BK</subfield>
  </datafield>
  <datafield tag="952" ind1=" " ind2=" ">
    <subfield code="0">0</subfield>
    <subfield code="1">0</subfield>
    <subfield code="4">0</subfield>
    <subfield code="7">0</subfield>
    <subfield code="a">SLIT</subfield>
    <subfield code="b">SLIT</subfield>
    <subfield code="d">2014-05-19</subfield>
    <subfield code="g">969.00</subfield>
    <subfield code="l">0</subfield>
    <subfield code="o">005.74CON</subfield>
    <subfield code="p">47582</subfield>
    <subfield code="r">2014-05-19 00:00:00</subfield>
    <subfield code="w">2014-05-19</subfield>
    <subfield code="y">BK</subfield>
  </datafield>
  <datafield tag="952" ind1=" " ind2=" ">
    <subfield code="0">0</subfield>
    <subfield code="1">0</subfield>
    <subfield code="2">ddc</subfield>
    <subfield code="4">0</subfield>
    <subfield code="7">0</subfield>
    <subfield code="8">REF</subfield>
    <subfield code="a">REF</subfield>
    <subfield code="b">REF</subfield>
    <subfield code="c">REF</subfield>
    <subfield code="d">2014-05-19</subfield>
    <subfield code="g">969.00</subfield>
    <subfield code="l">1</subfield>
    <subfield code="o">005.74 CON  (Shelf -12E)</subfield>
    <subfield code="p">47583</subfield>
    <subfield code="r">2016-02-03 00:00:00</subfield>
    <subfield code="s">2015-01-23</subfield>
    <subfield code="y">BK</subfield>
  </datafield>
  <datafield tag="952" ind1=" " ind2=" ">
    <subfield code="0">0</subfield>
    <subfield code="1">0</subfield>
    <subfield code="4">0</subfield>
    <subfield code="7">0</subfield>
    <subfield code="a">QUESTCL</subfield>
    <subfield code="b">QUESTCL</subfield>
    <subfield code="d">2014-05-19</subfield>
    <subfield code="g">969.00</subfield>
    <subfield code="l">1</subfield>
    <subfield code="o">005.74CON</subfield>
    <subfield code="p">47584</subfield>
    <subfield code="q">2017-11-24</subfield>
    <subfield code="r">2017-11-24 00:00:00</subfield>
    <subfield code="s">2017-11-24</subfield>
    <subfield code="y">BK</subfield>
  </datafield>
  <datafield tag="952" ind1=" " ind2=" ">
    <subfield code="0">0</subfield>
    <subfield code="1">0</subfield>
    <subfield code="4">0</subfield>
    <subfield code="7">0</subfield>
    <subfield code="a">QUESTCL</subfield>
    <subfield code="b">QUESTCL</subfield>
    <subfield code="d">2014-05-19</subfield>
    <subfield code="g">969.00</subfield>
    <subfield code="l">5</subfield>
    <subfield code="o">005.74CON</subfield>
    <subfield code="p">47585</subfield>
    <subfield code="r">2021-03-16 00:00:00</subfield>
    <subfield code="s">2019-11-14</subfield>
    <subfield code="w">2014-05-19</subfield>
    <subfield code="y">BK</subfield>
  </datafield>
  <datafield tag="952" ind1=" " ind2=" ">
    <subfield code="0">0</subfield>
    <subfield code="1">0</subfield>
    <subfield code="4">0</subfield>
    <subfield code="7">0</subfield>
    <subfield code="a">SLIT</subfield>
    <subfield code="b">SLIT</subfield>
    <subfield code="d">2014-05-27</subfield>
    <subfield code="g">1503.00</subfield>
    <subfield code="l">0</subfield>
    <subfield code="o">005.74CON</subfield>
    <subfield code="p">47337</subfield>
    <subfield code="r">2014-05-27 00:00:00</subfield>
    <subfield code="w">2014-05-27</subfield>
    <subfield code="y">BK</subfield>
  </datafield>
  <datafield tag="952" ind1=" " ind2=" ">
    <subfield code="0">0</subfield>
    <subfield code="1">0</subfield>
    <subfield code="4">0</subfield>
    <subfield code="7">0</subfield>
    <subfield code="a">QUESTCL</subfield>
    <subfield code="b">QUESTCL</subfield>
    <subfield code="d">2014-05-29</subfield>
    <subfield code="g">1718.00</subfield>
    <subfield code="l">2</subfield>
    <subfield code="o">005.74CON</subfield>
    <subfield code="p">46601</subfield>
    <subfield code="r">2026-05-21 09:57:26</subfield>
    <subfield code="s">2026-02-25</subfield>
    <subfield code="w">2014-05-29</subfield>
    <subfield code="y">BK</subfield>
  </datafield>
  <datafield tag="952" ind1=" " ind2=" ">
    <subfield code="0">0</subfield>
    <subfield code="1">0</subfield>
    <subfield code="4">0</subfield>
    <subfield code="7">0</subfield>
    <subfield code="a">QUESTCL</subfield>
    <subfield code="b">QUESTCL</subfield>
    <subfield code="d">2014-05-29</subfield>
    <subfield code="g">1718.00</subfield>
    <subfield code="l">1</subfield>
    <subfield code="o">005.74CON</subfield>
    <subfield code="p">46602</subfield>
    <subfield code="r">2019-02-20 00:00:00</subfield>
    <subfield code="s">2017-11-17</subfield>
    <subfield code="w">2014-05-29</subfield>
    <subfield code="y">BK</subfield>
  </datafield>
  <datafield tag="952" ind1=" " ind2=" ">
    <subfield code="0">0</subfield>
    <subfield code="1">0</subfield>
    <subfield code="4">0</subfield>
    <subfield code="7">0</subfield>
    <subfield code="a">QUESTCL</subfield>
    <subfield code="b">QUESTCL</subfield>
    <subfield code="d">2014-05-29</subfield>
    <subfield code="g">1718.00</subfield>
    <subfield code="l">5</subfield>
    <subfield code="o">005.74CON</subfield>
    <subfield code="p">46603</subfield>
    <subfield code="r">2022-12-22 00:00:00</subfield>
    <subfield code="s">2022-02-01</subfield>
    <subfield code="w">2014-05-29</subfield>
    <subfield code="y">BK</subfield>
  </datafield>
  <datafield tag="952" ind1=" " ind2=" ">
    <subfield code="0">0</subfield>
    <subfield code="1">0</subfield>
    <subfield code="4">0</subfield>
    <subfield code="7">0</subfield>
    <subfield code="a">QUESTCL</subfield>
    <subfield code="b">QUESTCL</subfield>
    <subfield code="d">2014-05-29</subfield>
    <subfield code="g">1718.00</subfield>
    <subfield code="l">3</subfield>
    <subfield code="o">005.74CON</subfield>
    <subfield code="p">46604</subfield>
    <subfield code="r">2018-05-15 00:00:00</subfield>
    <subfield code="s">2018-03-14</subfield>
    <subfield code="w">2014-05-29</subfield>
    <subfield code="y">BK</subfield>
  </datafield>
  <datafield tag="952" ind1=" " ind2=" ">
    <subfield code="0">0</subfield>
    <subfield code="1">0</subfield>
    <subfield code="4">0</subfield>
    <subfield code="7">0</subfield>
    <subfield code="a">SLIT</subfield>
    <subfield code="b">SLIT</subfield>
    <subfield code="d">2014-05-29</subfield>
    <subfield code="g">1718.00</subfield>
    <subfield code="l">0</subfield>
    <subfield code="o">005.74CON</subfield>
    <subfield code="p">46545</subfield>
    <subfield code="r">2014-05-29 00:00:00</subfield>
    <subfield code="w">2014-05-29</subfield>
    <subfield code="y">BK</subfield>
  </datafield>
  <datafield tag="952" ind1=" " ind2=" ">
    <subfield code="0">0</subfield>
    <subfield code="1">0</subfield>
    <subfield code="4">0</subfield>
    <subfield code="7">0</subfield>
    <subfield code="a">QUESTCL</subfield>
    <subfield code="b">QUESTCL</subfield>
    <subfield code="d">2014-05-29</subfield>
    <subfield code="g">1718.00</subfield>
    <subfield code="l">3</subfield>
    <subfield code="o">005.74CON</subfield>
    <subfield code="p">46546</subfield>
    <subfield code="r">2019-11-01 00:00:00</subfield>
    <subfield code="s">2017-11-17</subfield>
    <subfield code="w">2014-05-29</subfield>
    <subfield code="y">BK</subfield>
  </datafield>
  <datafield tag="952" ind1=" " ind2=" ">
    <subfield code="0">0</subfield>
    <subfield code="1">0</subfield>
    <subfield code="4">0</subfield>
    <subfield code="7">0</subfield>
    <subfield code="a">QUESTCL</subfield>
    <subfield code="b">QUESTCL</subfield>
    <subfield code="d">2014-05-29</subfield>
    <subfield code="g">1718.00</subfield>
    <subfield code="l">2</subfield>
    <subfield code="o">005.74CON</subfield>
    <subfield code="p">46547</subfield>
    <subfield code="r">2018-05-14 00:00:00</subfield>
    <subfield code="s">2018-01-29</subfield>
    <subfield code="w">2014-05-29</subfield>
    <subfield code="y">BK</subfield>
  </datafield>
  <datafield tag="952" ind1=" " ind2=" ">
    <subfield code="0">0</subfield>
    <subfield code="1">0</subfield>
    <subfield code="4">0</subfield>
    <subfield code="7">0</subfield>
    <subfield code="a">QUESTCL</subfield>
    <subfield code="b">QUESTCL</subfield>
    <subfield code="d">2014-05-29</subfield>
    <subfield code="g">1718.00</subfield>
    <subfield code="l">3</subfield>
    <subfield code="o">005.74CON</subfield>
    <subfield code="p">46548</subfield>
    <subfield code="q">2025-02-12</subfield>
    <subfield code="r">2025-01-13 00:00:00</subfield>
    <subfield code="s">2025-01-13</subfield>
    <subfield code="w">2014-05-29</subfield>
    <subfield code="y">BK</subfield>
  </datafield>
  <datafield tag="952" ind1=" " ind2=" ">
    <subfield code="0">0</subfield>
    <subfield code="1">0</subfield>
    <subfield code="4">0</subfield>
    <subfield code="7">0</subfield>
    <subfield code="a">QUESTCL</subfield>
    <subfield code="b">QUESTCL</subfield>
    <subfield code="d">2014-05-29</subfield>
    <subfield code="g">1718.00</subfield>
    <subfield code="l">2</subfield>
    <subfield code="o">005.74CON</subfield>
    <subfield code="p">46549</subfield>
    <subfield code="r">2021-04-21 00:00:00</subfield>
    <subfield code="s">2019-10-28</subfield>
    <subfield code="w">2014-05-29</subfield>
    <subfield code="y">BK</subfield>
  </datafield>
  <datafield tag="952" ind1=" " ind2=" ">
    <subfield code="0">0</subfield>
    <subfield code="1">0</subfield>
    <subfield code="4">0</subfield>
    <subfield code="7">0</subfield>
    <subfield code="a">QUESTCL</subfield>
    <subfield code="b">QUESTCL</subfield>
    <subfield code="d">2014-06-01</subfield>
    <subfield code="g">1924.00</subfield>
    <subfield code="l">1</subfield>
    <subfield code="o">005.74CON</subfield>
    <subfield code="p">45658</subfield>
    <subfield code="q">2017-06-17</subfield>
    <subfield code="r">2016-12-19 00:00:00</subfield>
    <subfield code="s">2016-12-19</subfield>
    <subfield code="w">2014-06-01</subfield>
    <subfield code="y">BK</subfield>
  </datafield>
  <datafield tag="952" ind1=" " ind2=" ">
    <subfield code="0">0</subfield>
    <subfield code="1">0</subfield>
    <subfield code="4">0</subfield>
    <subfield code="7">0</subfield>
    <subfield code="a">QUESTCL</subfield>
    <subfield code="b">QUESTCL</subfield>
    <subfield code="d">2014-06-01</subfield>
    <subfield code="g">1924.00</subfield>
    <subfield code="l">2</subfield>
    <subfield code="o">005.74CON</subfield>
    <subfield code="p">45659</subfield>
    <subfield code="r">2021-06-22 00:00:00</subfield>
    <subfield code="s">2019-11-14</subfield>
    <subfield code="w">2014-06-01</subfield>
    <subfield code="y">BK</subfield>
  </datafield>
  <datafield tag="952" ind1=" " ind2=" ">
    <subfield code="0">0</subfield>
    <subfield code="1">0</subfield>
    <subfield code="4">0</subfield>
    <subfield code="7">0</subfield>
    <subfield code="a">QUESTCL</subfield>
    <subfield code="b">QUESTCL</subfield>
    <subfield code="d">2014-06-01</subfield>
    <subfield code="g">1925.00</subfield>
    <subfield code="l">1</subfield>
    <subfield code="o">005.74CON</subfield>
    <subfield code="p">45569</subfield>
    <subfield code="r">2015-12-10 00:00:00</subfield>
    <subfield code="s">2015-01-26</subfield>
    <subfield code="w">2014-06-01</subfield>
    <subfield code="y">BK</subfield>
  </datafield>
  <datafield tag="952" ind1=" " ind2=" ">
    <subfield code="0">0</subfield>
    <subfield code="1">0</subfield>
    <subfield code="4">0</subfield>
    <subfield code="7">0</subfield>
    <subfield code="a">QUESTCL</subfield>
    <subfield code="b">QUESTCL</subfield>
    <subfield code="d">2014-06-01</subfield>
    <subfield code="g">1925.00</subfield>
    <subfield code="l">0</subfield>
    <subfield code="o">005.74CON</subfield>
    <subfield code="p">45570</subfield>
    <subfield code="r">2014-06-01 00:00:00</subfield>
    <subfield code="w">2014-06-01</subfield>
    <subfield code="y">BK</subfield>
  </datafield>
  <datafield tag="952" ind1=" " ind2=" ">
    <subfield code="0">0</subfield>
    <subfield code="1">0</subfield>
    <subfield code="4">0</subfield>
    <subfield code="7">0</subfield>
    <subfield code="a">QUESTCL</subfield>
    <subfield code="b">QUESTCL</subfield>
    <subfield code="d">2014-06-01</subfield>
    <subfield code="g">1925.00</subfield>
    <subfield code="l">1</subfield>
    <subfield code="o">005.74CON</subfield>
    <subfield code="p">45571</subfield>
    <subfield code="r">2015-06-05 00:00:00</subfield>
    <subfield code="s">2015-01-07</subfield>
    <subfield code="w">2014-06-01</subfield>
    <subfield code="y">BK</subfield>
  </datafield>
  <datafield tag="952" ind1=" " ind2=" ">
    <subfield code="0">0</subfield>
    <subfield code="1">0</subfield>
    <subfield code="4">0</subfield>
    <subfield code="7">0</subfield>
    <subfield code="a">QUESTCL</subfield>
    <subfield code="b">QUESTCL</subfield>
    <subfield code="d">2014-06-01</subfield>
    <subfield code="g">1925.00</subfield>
    <subfield code="l">2</subfield>
    <subfield code="o">005.74CON</subfield>
    <subfield code="p">45572</subfield>
    <subfield code="r">2019-11-25 00:00:00</subfield>
    <subfield code="s">2017-01-31</subfield>
    <subfield code="w">2014-06-01</subfield>
    <subfield code="y">BK</subfield>
  </datafield>
  <datafield tag="952" ind1=" " ind2=" ">
    <subfield code="0">0</subfield>
    <subfield code="1">0</subfield>
    <subfield code="4">0</subfield>
    <subfield code="7">0</subfield>
    <subfield code="a">QUESTCL</subfield>
    <subfield code="b">QUESTCL</subfield>
    <subfield code="d">2014-06-01</subfield>
    <subfield code="g">1925.00</subfield>
    <subfield code="l">1</subfield>
    <subfield code="o">005.74CON</subfield>
    <subfield code="p">45573</subfield>
    <subfield code="r">2022-11-14 00:00:00</subfield>
    <subfield code="s">2021-06-28</subfield>
    <subfield code="w">2014-06-01</subfield>
    <subfield code="y">BK</subfield>
  </datafield>
  <datafield tag="952" ind1=" " ind2=" ">
    <subfield code="0">0</subfield>
    <subfield code="1">0</subfield>
    <subfield code="4">0</subfield>
    <subfield code="7">0</subfield>
    <subfield code="a">BB</subfield>
    <subfield code="b">BB</subfield>
    <subfield code="d">2015-02-10</subfield>
    <subfield code="g">465.00</subfield>
    <subfield code="l">0</subfield>
    <subfield code="o"> 005.74CON</subfield>
    <subfield code="p">B6143</subfield>
    <subfield code="r">2015-02-10 00:00:00</subfield>
    <subfield code="w">2015-02-10</subfield>
    <subfield code="y">BK</subfield>
  </datafield>
  <datafield tag="952" ind1=" " ind2=" ">
    <subfield code="0">0</subfield>
    <subfield code="1">0</subfield>
    <subfield code="4">0</subfield>
    <subfield code="7">0</subfield>
    <subfield code="a">BB</subfield>
    <subfield code="b">BB</subfield>
    <subfield code="d">2015-02-10</subfield>
    <subfield code="g">465.00</subfield>
    <subfield code="l">0</subfield>
    <subfield code="o"> 005.74CON</subfield>
    <subfield code="p">B6144</subfield>
    <subfield code="r">2015-02-10 00:00:00</subfield>
    <subfield code="w">2015-02-10</subfield>
    <subfield code="y">BK</subfield>
  </datafield>
  <datafield tag="952" ind1=" " ind2=" ">
    <subfield code="0">0</subfield>
    <subfield code="1">0</subfield>
    <subfield code="4">0</subfield>
    <subfield code="7">0</subfield>
    <subfield code="a">BB</subfield>
    <subfield code="b">BB</subfield>
    <subfield code="d">2015-02-10</subfield>
    <subfield code="g">465.00</subfield>
    <subfield code="l">0</subfield>
    <subfield code="o"> 005.74CON</subfield>
    <subfield code="p">B6145</subfield>
    <subfield code="r">2015-02-10 00:00:00</subfield>
    <subfield code="w">2015-02-10</subfield>
    <subfield code="y">BK</subfield>
  </datafield>
  <datafield tag="952" ind1=" " ind2=" ">
    <subfield code="0">0</subfield>
    <subfield code="1">0</subfield>
    <subfield code="4">0</subfield>
    <subfield code="7">0</subfield>
    <subfield code="a">BB</subfield>
    <subfield code="b">BB</subfield>
    <subfield code="d">2015-02-10</subfield>
    <subfield code="g">465.00</subfield>
    <subfield code="l">0</subfield>
    <subfield code="o"> 005.74CON</subfield>
    <subfield code="p">B6146</subfield>
    <subfield code="r">2015-02-10 00:00:00</subfield>
    <subfield code="w">2015-02-10</subfield>
    <subfield code="y">BK</subfield>
  </datafield>
  <datafield tag="952" ind1=" " ind2=" ">
    <subfield code="0">0</subfield>
    <subfield code="1">0</subfield>
    <subfield code="4">0</subfield>
    <subfield code="7">0</subfield>
    <subfield code="a">BB</subfield>
    <subfield code="b">BB</subfield>
    <subfield code="d">2015-02-10</subfield>
    <subfield code="g">465.00</subfield>
    <subfield code="l">0</subfield>
    <subfield code="o"> 005.74CON</subfield>
    <subfield code="p">B6147</subfield>
    <subfield code="r">2015-02-10 00:00:00</subfield>
    <subfield code="w">2015-02-10</subfield>
    <subfield code="y">BK</subfield>
  </datafield>
  <datafield tag="952" ind1=" " ind2=" ">
    <subfield code="0">0</subfield>
    <subfield code="1">0</subfield>
    <subfield code="4">0</subfield>
    <subfield code="7">0</subfield>
    <subfield code="a">BB</subfield>
    <subfield code="b">BB</subfield>
    <subfield code="d">2015-02-10</subfield>
    <subfield code="g">465.00</subfield>
    <subfield code="l">0</subfield>
    <subfield code="o"> 005.74CON</subfield>
    <subfield code="p">B6148</subfield>
    <subfield code="r">2015-02-10 00:00:00</subfield>
    <subfield code="w">2015-02-10</subfield>
    <subfield code="y">BK</subfield>
  </datafield>
  <datafield tag="952" ind1=" " ind2=" ">
    <subfield code="0">0</subfield>
    <subfield code="1">0</subfield>
    <subfield code="4">0</subfield>
    <subfield code="7">0</subfield>
    <subfield code="a">BB</subfield>
    <subfield code="b">BB</subfield>
    <subfield code="d">2015-02-10</subfield>
    <subfield code="g">465.00</subfield>
    <subfield code="l">0</subfield>
    <subfield code="o"> 005.74CON</subfield>
    <subfield code="p">B6149</subfield>
    <subfield code="r">2015-02-10 00:00:00</subfield>
    <subfield code="w">2015-02-10</subfield>
    <subfield code="y">BK</subfield>
  </datafield>
  <datafield tag="952" ind1=" " ind2=" ">
    <subfield code="0">0</subfield>
    <subfield code="1">0</subfield>
    <subfield code="4">0</subfield>
    <subfield code="7">0</subfield>
    <subfield code="a">BB</subfield>
    <subfield code="b">BB</subfield>
    <subfield code="d">2015-02-10</subfield>
    <subfield code="g">465.00</subfield>
    <subfield code="l">0</subfield>
    <subfield code="o"> 005.74CON</subfield>
    <subfield code="p">B6150</subfield>
    <subfield code="r">2015-02-10 00:00:00</subfield>
    <subfield code="w">2015-02-10</subfield>
    <subfield code="y">BK</subfield>
  </datafield>
  <datafield tag="952" ind1=" " ind2=" ">
    <subfield code="0">0</subfield>
    <subfield code="1">3</subfield>
    <subfield code="4">0</subfield>
    <subfield code="7">0</subfield>
    <subfield code="a">BB</subfield>
    <subfield code="b">BB</subfield>
    <subfield code="d">2015-02-10</subfield>
    <subfield code="g">465.00</subfield>
    <subfield code="l">0</subfield>
    <subfield code="o"> 005.74CON</subfield>
    <subfield code="p">B6151</subfield>
    <subfield code="r">2018-10-29 00:00:00</subfield>
    <subfield code="y">BK</subfield>
  </datafield>
  <datafield tag="952" ind1=" " ind2=" ">
    <subfield code="0">0</subfield>
    <subfield code="1">0</subfield>
    <subfield code="4">0</subfield>
    <subfield code="7">0</subfield>
    <subfield code="a">BB</subfield>
    <subfield code="b">BB</subfield>
    <subfield code="d">2015-02-10</subfield>
    <subfield code="g">465.00</subfield>
    <subfield code="l">0</subfield>
    <subfield code="o"> 005.74CON</subfield>
    <subfield code="p">B6152</subfield>
    <subfield code="r">2017-08-28 00:00:00</subfield>
    <subfield code="w">2015-02-10</subfield>
    <subfield code="y">BK</subfield>
  </datafield>
</record>
